Public sector asset disposals in Europe (Record no. 83890)

MARC details
000 -LEADER
fixed length control field 01259cab a22002055a 4500
001 - CONTROL NUMBER
control field L155646
008 - FIXED-LENGTH DATA ELEMENTS--GENERAL INFORMATION
fixed length control field 120329e2012 xxk 000 0 eng d
035 ## - SYSTEM CONTROL NUMBER
System control number (Sirsi) u155646
041 0# - LANGUAGE CODE
Language code of text/sound track or separate title eng
100 1# - MAIN ENTRY--PERSONAL NAME
Personal name Holberton, Richard
245 00 - TITLE STATEMENT
Title Public sector asset disposals in Europe
Medium [electronic resource]
260 ## - PUBLICATION, DISTRIBUTION, ETC.
Place of publication, distribution, etc. London
Name of publisher, distributor, etc. CBRE
Date of publication, distribution, etc. 2012
490 #0 - SERIES STATEMENT
Series statement CBRE EMEA Viewpoint
Volume/sequential designation March 2012
520 ## - SUMMARY, ETC.
Summary, etc. Sales of public sector property assets across Europe increased sharply in 2011 to a total of Euros 2.3bn. There is a well-established appetite in many public funds strapped European countries to raise capital from the sale or development of public property assets. However, executing large-scale disposal programmes will be challenging in some European markets. Sellers will need to assess the likely investment appeal of the assets in question and to consider various approaches including phased disposal or partnership arrangements. Covers both market activity and policy framework.
590 ## - LOCAL NOTE (RLIN)
Local note KA
651 #4 - SUBJECT ADDED ENTRY--GEOGRAPHIC NAME
Geographic name Europe
690 ## - LOCAL SUBJECT ADDED ENTRY--TOPICAL TERM (OCLC, RLIN)
Topical term or geographic name as entry element Commercial property
9 (RLIN) 6227
856 40 - ELECTRONIC LOCATION AND ACCESS
Uniform Resource Identifier <a href="https://www.cbre.co.uk/portal/page/portal/emea_en/research">https://www.cbre.co.uk/portal/page/portal/emea_en/research</a>
Public note View the briefing (type Public Sector Asset in the keyword box and click on search) at www.cbre.co.uk
942 ## - ADDED ENTRY ELEMENTS (KOHA)
Suppress in OPAC 0
Holdings
Withdrawn status Lost status Source of classification or shelving scheme Damaged status Not for loan Home library Current library Shelving location Date acquired Total Checkouts Full call number Barcode Date last seen Copy number Price effective from Koha item type
    Dewey Decimal Classification     Virtual Virtual Online 29/03/2012   ONLINE PUBLICATION 155646-2001 06/08/2019 1 06/08/2019 Book